Sports Quiz

Random Sports Quiz

2011 nfl qb starters Quiz Stats

Quiz not verified by Sporcle

Challenge
Share
Tweet
Embed
Score 0/32 Timer 06:00
0 Plays Today
the ones that started the year % Correct
Atlana Falconsryan
94.8%
Baltimore Ravens flacco
93.8%
New York Giantsmanning
93.8%
Chicago Bearscutler
92.7%
Dallas Cowboysromo
92.7%
Green Bay Packersrodgers
91.7%
Carolina Panthersnewton
90.6%
Detroit Lionsstafford
90.6%
New England Patriotsbrady
90.6%
New Orleans Saintsbrees
90.6%
San Fransisco 49erssmith
89.6%
Buffalo Billsfitzpatrick
87.5%
Philedelphia Eaglesvick
87.5%
San Diego Chargersrivers
87.5%
Cincinnati Bengalspalmer
86.5%
New York Jetssanchez
86.5%
the ones that started the year % Correct
St. Louis Ramsbradford
86.5%
Denver Broncosorton
84.4%
Houstan Texansschaub
84.4%
Arizona Cardinalskolb
83.3%
Pittsburg Steelersroethlisberger
81.3%
Clevland Brownsmccoy
80.2%
Seattle Seahawksjackson
80.2%
Kanses City Cheifscassel
78.1%
Minnesota Vikingsmcnabb
78.1%
Oakland Raiderscampbell
78.1%
Tampa Bay Bucaneersfreeman
78.1%
Indianappolis Coltscollins
71.9%
Miami Dolphinshenne
69.8%
Jacksonville Jaguarsgabbert
66.7%
Tennessee Titanshasselback
36.5%
Washington Redskinsgrossmen
28.1%

You're not logged in!

Compare scores with friends on all Sporcle quizzes.
Sign Up with Email
OR
Log In

You Might Also Like...

Show Comments

Extras

Top Quizzes Today


Score Distribution

Your Account Isn't Verified!

In order to create a playlist on Sporcle, you need to verify the email address you used during registration. Go to your Sporcle Settings to finish the process.

Report this User

Report this user for behavior that violates our Community Guidelines.

Details: